<?xml version="1.0" encoding="UTF-8"?>
<collection xmlns="http://www.loc.gov/MARC21/slim">
 <record>
  <leader>00772pamaa2200241   4500</leader>
  <controlfield tag="001">0000050209</controlfield>
  <controlfield tag="005">20121212090000.0</controlfield>
  <controlfield tag="008">120615s2013</controlfield>
  <datafield tag="020" ind1="0" ind2="0">
   <subfield code="a">9781133190837 / 1133190839 (pbk.) </subfield>
  </datafield>
  <datafield tag="090" ind1="0" ind2="0">
   <subfield code="a">QA76 </subfield>
   <subfield code="b">PAR 2013</subfield>
  </datafield>
  <datafield tag="100" ind1="1" ind2="0">
   <subfield code="a">Parsons </subfield>
  </datafield>
  <datafield tag="245" ind1="1" ind2="0">
   <subfield code="a">New Perspectives on Computer Concepts 2013 : </subfield>
   <subfield code="b">Comprehensive  </subfield>
   <subfield code="c">June Parsons and Dan Oja.</subfield>
  </datafield>
  <datafield tag="250" ind1="0" ind2="0">
   <subfield code="a">15th ed.</subfield>
  </datafield>
  <datafield tag="260" ind1="0" ind2="0">
   <subfield code="a">Boston, MA: </subfield>
   <subfield code="b">Cengage Course Technology, </subfield>
   <subfield code="c">2013.</subfield>
  </datafield>
  <datafield tag="300" ind1=" " ind2=" ">
   <subfield code="a">xxiv, 795 p.: </subfield>
   <subfield code="b">col. ill.; </subfield>
   <subfield code="c">28 cm.</subfield>
  </datafield>
  <datafield tag="440" ind1="0" ind2="0">
   <subfield code="a">New perspectives</subfield>
  </datafield>
  <datafield tag="501" ind1="0" ind2="0">
   <subfield code="a">FOEIT</subfield>
  </datafield>
  <datafield tag="650" ind1="0" ind2="0">
   <subfield code="a">Computers </subfield>
  </datafield>
  <datafield tag="650" ind1="0" ind2="0">
   <subfield code="a">Electronic data processing </subfield>
  </datafield>
  <datafield tag="650" ind1="0" ind2="0">
   <subfield code="a">Electronic digital computers </subfield>
  </datafield>
  <datafield tag="700" ind1="1" ind2="1">
   <subfield code="a">Oja, </subfield>
   <subfield code="h">Dan </subfield>
  </datafield>
  <datafield tag="745" ind1="1" ind2="0">
   <subfield code="a">Computer Concepts 2013 : Comprehensive / June Parsons and Dan Oja</subfield>
  </datafield>
  <datafield tag="901" ind1=" " ind2=" ">
   <subfield code="u">www.cengage.com</subfield>
  </datafield>
 </record>
</collection>
